Złącza elektroniczne - Statystyki

Ogólne statystyki
  • Ten quiz został rozwiązany 59 razy
  • Średni wynik to 6 z 15
Statystyki odpowiedzi
Opis Odpowiedź % Poprawnych
Najpopularniejsze złącze umożliwiające przesyłanie obrazu i dźwięku HDMI
98%
Najpopularniejsze obecnie złącze występujące w ładowarkach smartfonów USB C
89%
Złącze o przybliżonych wymiarach 11,5 x 4 mm, uznawane za standard, jeśli chodzi o podłączanie jednego urządzenia do drugiego USB A
80%
Najpopularniejsze złącze, które służy do podłączania do smartfona słuchawek przewodowych Jack
67%
Występuje w zakończeniach ładowarek telefonów firmy Apple Lightning
58%
Poprzednik poprzedniego złącza, jeśli chodzi o popularność USB Micro B
58%
Służy m.in. do podłączania monitora do komputera, jego charakterystycznym elementem są śrubki, które wkręca się do dziurek po bokach gniazda VGA / D-sub
51%
Bardzo podobny do poprzedniego złącza, jednak jest nieco grubszy USB Mini B
31%
Nowsza wersja poprzedniego złącza DVI
29%
Używany do podłączania myszki i klawiatury do komputera, ma 6 pinów i kształtem przypomina okrąg, obecnie rzadko stosowany PS/2
22%
Służy do przesyłania obrazu i dźwięku wieloma kablami, oznaczonymi według koloru, najczęściej spotykane są żółty, czerwony i biały RCA
16%
Potocznie "eurozłącze", służy do przesyłania obrazu i dźwięku, kształtem przypomina trapez prostokątny SCART
16%
Złącze kabla Ethernet, używanego m.in. do podłączenia komputera do routera/switcha 8P8C
7%
Ma kształt okręgu, może mieć różną ilość pinów, opracowane zostało przez pewien berliński instytut DIN
2%
3-żyłowe złącze zasilające, potocznie nazywane "myszką Miki" ze względu na swój kształt IEC C5 / C6
2%
Nie znaleziono quizów pasujących do podanych kryteriów
Rozkład punktacji
Procent ludzi z każdym wynikiem
Percentyl według liczby udzielonych odpowiedzi
Twoja historia wyników
Nie rozwiązałeś tego quizu